| 000 | 00701nam a22002057a 4500 | ||
|---|---|---|---|
| 003 | NUST | ||
| 005 | 20240726101355.0 | ||
| 008 | 190726b ||||| |||| 00| 0 eng d | ||
| 038 | _aMr. Noman | ||
| 082 | _a200 | ||
| 100 |
_aKnan, Muhammad Ismail _918646 |
||
| 245 |
_aDesign and analysis of Metasurfaces for Polarization Conversion of Electromagnetic Waves / _cMuhammad Ismail Khan. |
||
| 260 |
_aIslamabad: _bSEECS - NUST, _c2018. |
||
| 300 |
_axix, 92 p.: ill.; _c30cm. _e+CD |
||
| 500 | _aHardcover. | ||
| 650 |
_aPhD-Electrical Engineering _984162 |
||
| 700 |
_aSupervisor:Dr. Farooq Ahmad Tahir. _996850 |
||
| 856 | _uhttp://10.250.8.41:8080/xmlui/handle/123456789/26164 | ||
| 942 |
_2ddc _cSC |
||
| 999 |
_c527408 _d527408 |
||